Responses for Show #6724 - Thursday, December 5, 2013

Audience marriage proposal: John and Sahar.

Contestants

[<< previous game]

Tahne Aarnes, a business intelligence consultant from Chaska, Minnesota

Cecilia Cuevas, a high school dean of students from Kansas City, Missouri

Carlos Ross, a customer service representative from Austin, Texas (whose 2-day cash winnings total $64,601)

[next game >>]

Jeopardy! Round responses

WOMEN IN HISTORY
ANIMATED MOVIES BY CHARACTER
MODERN DRUNKARD RULES
(Alex: Yes, there is a magazine of that name.)
THEY GAVE ME A MEDAL
DESERT LIFE
"SIX" PACK
    $200 2
Rosa Parks

Carlos
    $200 1
Shrek

Cecilia
    $200 26
(Alex: Yes, with less than a minute to go.)

a bartender

Carlos
    $200 21
Congressional Medal of Honor

Carlos
    $200 14
cactus

Tahne
    $200 7
six of one

Tahne
    $2,600 10
(Alex: Yes, indeed. "Lady with a lamp.")

Florence Nightingale

Carlos
    $400 3
[ERRATUM: "Khan" was misspelled in the clue as shown.]

The Jungle Book

Carlos
    $400 30
last call

Carlos
    $400 22
Clint Eastwood

Carlos
    $400 16
the roadrunner

Cecilia
    $400 8
a six-shooter

Tahne
    $600 11
(Anne) Sullivan

Tahne
    $600 4
Beauty and the Beast

Carlos
    $600 27
a corkscrew

Tahne
    $600 23
the NAACP

Carlos
    $600 17
the Mojave Desert

Carlos
    $600 9
six feet under

Carlos
    $800 12
(Alex: And that disease--you're all too young to remember--[*], [*].)

polio

Triple Stumper
    $800 5
The Incredibles

Carlos
    $800 29
a free drink

Cecilia
    $800 24
Where the Wild Things Are

Tahne
    $800 18
a hummingbird

Carlos
    $800 15
(Carlos: What is in-line?)

a six-cylinder

CarlosCecilia
    $1000 13
the 19th

Cecilia
    $1000 6
Finding Nemo

Tahne
    $1000 28
a toast

Triple Stumper
    $1000 25
(Wernher) von Braun

Carlos
    $1000 19
a scorpion

Carlos
    $1000 20
six-penny

Tahne

Scores at the first commercial break (after clue 15):

Carlos Cecilia Tahne
$4,400 $2,000 $2,400

Scores at the end of the Jeopardy! Round:

Carlos Cecilia Tahne
$9,600 $3,200 $4,800

Double Jeopardy! Round responses

U.S. PRESIDENTS
I GUESTED ON LAW & ORDER
GETTING FROM HERE TO THERE
MIDWESTERN WRITING
ALLITERATION
THE REPUBLIC FOR WHICH IT STANDS
    $400 12
Virginia

Carlos
    $400 2
Zeppelin

Carlos
    $400 21
Chicago

Cecilia
    $400 1
a party pooper

Carlos
    $400 7
(Cecilia: What is "The Battle Hymn of the Republic"?)
(Carlos: What is "La Marseillaise", [*]?)

France

CarlosCecilia
    $800 13
Vietnam

Carlos
    $800 26
(Philip Seymour) Hoffman

Tahne
    $800 3
(Carlos: What are yellow cabs?)

Checker cabs

Carlos
Triple Stumper
    $800 22
Norwegian

Carlos
    $800 17
(Cecilia: Who is a shaman?)

a medicine man

CarlosCecilia
    $800 8
Cyprus

Tahne
    $1200 14
Gerald Ford

Cecilia
    $1200 24
Samuel L. Jackson

Tahne
    $1200 4
Honshu

Carlos
    $1200 23
(Alex: Less than a minute to go now, Carlos.)

baseball

Triple Stumper
    $1200 18
the dog days

Carlos
    $1200 9
(Federal Republic of) Germany

Carlos
    $3,500 15
(Cecilia: Who is Douglas?)

Ulysses Grant

Cecilia
    $1600 25
William H. Macy

Carlos
    $1600 5
(Samuel) Cunard

Carlos
    $1600 19
saddle sores

Tahne
    $1600 10
Peru

Carlos
    $2000 16
Episcopalian

Carlos
    $2000 27
[The end-of-round signal sounds.]

Phil

Triple Stumper
    $2000 6
the Sault Ste. Marie (or Soo) Locks

Triple Stumper
    $2000 20
forbidden fruit

Cecilia
    $2000 11
San Marino

Carlos

Scores at the end of the Double Jeopardy! Round:

Carlos Cecilia Tahne
$25,200 $2,100 $9,200
(lock game)

[wagering suggestions for these scores]

Final Jeopardy! Round responses

20th CENTURY ARTS
(Alex: [To Carlos] It's gonna cost our champion how much money? [Laughs] $27. Give me a break!)
CeciliaWhat
$100
TahneWhat is Strindberg
$0
CarlosWhat is ?
$27
method acting (the Stanislavski system)

Final scores:

Carlos Cecilia Tahne
$25,173 $2,000 $9,200
3-day champion: $89,774 3rd place: $1,000 2nd place: $2,000

Game dynamics:

Coryat scores:

Carlos Cecilia Tahne
$23,000 $5,600 $9,200
30 R
(including 1 DD),
2 W
8 R,
3 W
(including 1 DD)
12 R,
0 W

Combined Coryat: $37,800

[game clues] [game scores] [suggest correction]

Game tape date: 2013-09-25
The J! Archive is created by fans, for fans. Scraping, republication, monetization, and malicious use prohibited; this site may use cookies and collect identifying information. See terms. The Jeopardy! game show and all elements thereof, including but not limited to copyright and trademark thereto, are the property of Jeopardy Productions, Inc. and are protected under law. This website is not affiliated with, sponsored by, or operated by Jeopardy Productions, Inc. Join the discussion at JBoard.tv.